000
00241nam a2200097Ia 4500
001
683283
005
20250826161435.0
008
250824s9999 xx 000 0 und d
245
0
_a
BEYİNSİZ ADAM
_c
HAKİM TÜRKMEN
260
_b
TİMAŞ YAYINLARI
999
_c
683283
_d
683283